000
00330pam a2200157a 44500
008
230515b1984 xxu||||| |||| 00| 0 eng d
020
_a
NULL
041
_a
ENGLISH
082
_a
630
100
_a
10647-1983
245
_a
WHEEL BEARING GREASE
250
_a
0
260
_a
DELHI
_b
ISI
_c
1984
300
_a
16
650
_a
NULL
999
_c
651858
_d
651858